An introduction to the psychology of language / (Record no. 173522)

MARC details
000 -LEADER
campo de control de longitud fija 00717nam a22002295i 4500
001 - NÚMERO DE CONTROL
campo de control 173522
003 - IDENTIFICADOR DE NÚMERO DE CONTROL
campo de control ES-MaACL
005 - FECHA Y HORA DE LA ÚLTIMA TRANSACCIÓN
campo de control 20230906215249.0
008 - DATOS DE LONGITUD FIJA--INFORMACIÓN GENERAL
campo de control de longitud fija 091204s1971 xxk |||| | eng d
020 ## - NÚMERO INTERNACIONAL ESTÁNDAR DEL LIBRO
Número Internacional Estándar del Libro 416-11680-9
080 ## - NÚMERO DE LA CLASIFICACIÓN DECIMAL UNIVERSAL
Número de la Clasificación Decimal Universal 81'232
100 1# - ENTRADA PRINCIPAL--NOMBRE DE PERSONA
Nombre de persona Herriot, Peter.
9 (RLIN) 63371
245 13 - MENCIÓN DEL TÍTULO
Título An introduction to the psychology of language /
Mención de responsabilidad, etc. Peter Herriot.
250 ## - MENCION DE EDICION
Mención de edición 1ª ed., 1ª repr.
260 ## - PUBLICACIÓN, DISTRIBUCIÓN, ETC.
Lugar de publicación, distribución, etc. London :
Nombre del editor, distribuidor, etc. Methuen,
Fecha de publicación, distribución, etc. 1971.
300 ## - DESCRIPCIÓN FÍSICA
Extensión 197 p. ;
Dimensiones 23 cm.
490 1# - MENCIÓN DE SERIE
Mención de serie Methuen’s manuals of modern psychology
650 14 - PUNTO DE ACCESO ADICIONAL DE MATERIA--TÉRMINO DE MATERIA
Término de materia o nombre geográfico como elemento de entrada Psicolingüística.
9 (RLIN) 16539
830 0# - PUNTO DE ACCESO ADICIONAL DE SERIE-TÍTULO UNIFORME
Título uniforme Methuen’s manuals of modern psychology
9 (RLIN) 223560
852 ## - LOCALIZACIÓN
Ubicación ES-MaACL
Número de control de estantería E-13212
Nota libre .- Donativo doctor Calles
Holdings
Estatus retirado Estado de pérdida Estado de daño No para préstamo Biblioteca de origen Biblioteca actual Ubicación en estantería Fecha de adquisición Fuente de adquisición Total de préstamos Signatura topográfica completa Código de barras Visto por última vez Precio de reemplazo Tipo de ítem Koha
        Biblioteca del Ateneo de Madrid Biblioteca del Ateneo de Madrid Depósito 2 04/12/2009     E-13212 1182101 23/02/2023 23/02/2023 Libro impreso